MDQL
is popping MORE tags! Check the
thread
!
Quizzes
Events
Quiz Creation
Community
Videos
Private Events
Remove Ads
Sign In
Join for FREE
Feedback
Dark Mode
Quiz Categories
Sports
Geography
Music
Movies
Television
Just For Fun
Miscellaneous
History
Literature
Language
Science
Gaming
Entertainment
Religion
Holiday
For Kids
Quiz Lab
Recent
Popular Today
Quiz Kudos Today
Editor Picks
Curator Picks
Quizzes by...
Day
Popularity
Type
Ratings
Length
Year
Community
Subscriptions
Recent Discussions
Orange Saloon
Badges
Playlists
Quests
Create
Leaderboards
Showdown
Live 5
Trivia Bingo
Activity
Puzzle Library
Sporcle Events
Private Events
Virtual Trivia
Globe League
Become a Host
Pub Owners
SporcleCon
Opinionation
Our Games
Videos
Blog
Mobile Apps
Partnerships
Remove Ads and Go Orange
Feedback
Geography
Country
Landmarks
City
State
Population
World
Capital
Continent
Flags
Europe
Africa
Asia
South America
North America
Oceania
Border
Canada
United Kingdom
Topography
United States
Geography
Country
Landmarks
City
State
Population
World
Capital
Continent
Flags
Europe
Africa
Asia
South America
North America
Oceania
Border
Canada
United Kingdom
Topography
United States
Random Quiz
Search Sporcle
×
Quiz Lab
Quiz Lab
Geography
Blitz
Select answers by clicking on text or image buttons
Select answers by clicking on text or image buttons
Clickable
Best Score? Go Orange.
Pick The Continent (Capitals) - Blitz Stats
Can you pick the continent the capital is in?
By
thisisarandomuse
10m
197 Questions
172 Plays
172 Plays
172 Plays
Comments
Comments
Give Quiz Kudos
Give Quiz Kudos
-
- Ratings
hide this ad
More Info
Forced Order
Answers have to be entered in order
Answers have to be entered in order
Replay
Link that replays current quiz
Next Quiz
Link to next quiz in quiz playlist
You Got
0%
They Got
Avg Score
53%
Avg Friend Score
Upgrade to see
Score Distribution
Jump to the score distribution portion of the page
Score
0/197
Timer
10:00
0
Plays Today
% Correct
North America
59.9%
Asia
59.3%
Europe
58.7%
Asia
58.7%
Asia
58.7%
Europe
58.7%
Africa
58.1%
Africa
58.1%
Asia
58.1%
Europe
58.1%
Europe
58.1%
Africa
57.6%
Asia
57.6%
Europe
57%
North America
57%
Africa
57%
Asia
57%
Asia
57%
Asia
57%
Asia
57%
Europe
56.4%
Africa
56.4%
Africa
56.4%
Asia
56.4%
Africa
56.4%
Oceania
56.4%
Europe
56.4%
Europe
56.4%
Oceania
55.8%
South America
55.8%
Asia
55.8%
Europe
55.8%
Europe
55.8%
Europe
55.8%
Asia
55.8%
Asia
55.8%
Europe
55.8%
Asia
55.8%
Europe
55.8%
Europe
55.8%
Europe
55.8%
Asia
55.8%
Asia
55.2%
Africa
55.2%
Europe
55.2%
Asia
55.2%
Europe
55.2%
Europe
55.2%
Europe
55.2%
Europe
55.2%
Asia
55.2%
Asia
55.2%
North America
55.2%
Africa
55.2%
Asia
54.7%
Europe
54.7%
Asia
54.7%
North America
54.7%
Asia
54.7%
Asia
54.7%
Europe
54.7%
Africa
54.7%
Africa
54.7%
South America
54.7%
Europe
54.7%
Europe
54.7%
% Correct
Africa
54.7%
Africa
54.1%
Asia
54.1%
Africa
54.1%
Europe
54.1%
Africa
54.1%
North America
54.1%
Asia
54.1%
Asia
54.1%
Europe
54.1%
Africa
54.1%
Asia
54.1%
Asia
54.1%
Asia
53.5%
North America
53.5%
Asia
53.5%
North America
53.5%
Africa
53.5%
Africa
53.5%
South America
53.5%
North America
53.5%
Africa
53.5%
Africa
53.5%
Europe
53.5%
Africa
53.5%
Asia
53.5%
Asia
53.5%
Europe
53.5%
North America
53.5%
Africa
53.5%
Europe
53.5%
North America
53.5%
Africa
53.5%
Africa
53.5%
Asia
53.5%
Africa
53.5%
Asia
53.5%
Asia
53.5%
Oceania
53.5%
Africa
53.5%
South America
52.9%
Europe
52.9%
Europe
52.9%
Asia
52.9%
Europe
52.9%
North America
52.9%
South America
52.9%
Africa
52.9%
Europe
52.9%
Europe
52.9%
Africa
52.9%
Europe
52.9%
Africa
52.9%
Africa
52.9%
North America
52.9%
Africa
52.9%
North America
52.9%
Africa
52.9%
South America
52.9%
North America
52.9%
North America
52.9%
Asia
52.9%
Asia
52.3%
North America
52.3%
Africa
52.3%
North America
52.3%
% Correct
Asia
52.3%
Oceania
52.3%
Asia
52.3%
Europe
52.3%
Asia
52.3%
Africa
52.3%
Africa
51.7%
Africa
51.7%
Europe
51.7%
Oceania
51.7%
Asia
51.7%
North America
51.7%
Asia
51.7%
Europe
51.7%
South America
51.7%
Europe
51.7%
Oceania
51.7%
Africa
51.7%
Africa
51.7%
Africa
51.7%
Asia
51.7%
Africa
51.7%
South America
51.7%
Europe
51.2%
Europe
51.2%
North America
51.2%
North America
51.2%
Asia
51.2%
South America
51.2%
Europe
51.2%
Africa
51.2%
Europe
51.2%
North America
51.2%
Africa
51.2%
Africa
51.2%
Africa
51.2%
North America
50.6%
Africa
50.6%
Africa
50.6%
Oceania
50.6%
Europe
50.6%
Africa
50.6%
Europe
50.6%
Asia
50.6%
Africa
50%
North America
50%
Africa
50%
Africa
50%
Africa
50%
Europe
50%
Oceania
50%
Africa
50%
Asia
50%
Oceania
50%
South America
50%
Oceania
49.4%
Oceania
49.4%
South America
48.8%
Asia
48.8%
Oceania
48.3%
Oceania
48.3%
Africa
48.3%
Africa
47.7%
South America
47.1%
Oceania
47.1%
Quiz Playlist
Details
Report
Send in Message
Add To Playlist
More Info:
Pick the continent the capital is on.
Clickable:
Select answers by clicking on text or image buttons
Forced Order:
Answers have to be entered in order
Last Updated: Apr 30, 2017
Quiz Scoreboard
CHALLENGE
Sign Up to Join the Scoreboard
Show All
Scores
Hide
Comments
May contain spoilers
Recently Published
Colored Red Africa Blitz
by spor1
Geography
30s
Find the 'City' Movie
by crazypaving
Movies
60s
5x2 Blitz: Bands
by SL_Kpop136
Music
30s
More to Explore
Quiz From the Vault
Featured Blog Post
14 Easter Pick-up Lines to Find Eggs With
hide this ad
You Might Also Like...
Tags
Blitz Quiz
Clickable Quiz
National Capitals
Today's Top Quizzes in Geography
Browse Geography
hide this ad
Today's Top Quizzes in Blitz
Browse Blitz
Top Contributed Quizzes in Geography
1
Countries of the World - No Outlines Minefield
2
Colored Red Europe Blitz I
3
Colored Red Africa Blitz II
4
Colored Red Europe Blitz II
5
Colored Red Africa Blitz III
6
Colored Red Europe Blitz III
7
Colored Red States Blitz I
8
African Flag Reveal XLVI
9
Colored Red States Blitz II
10
Colored Red States Blitz III
Explore More
Trending Topics
Harry Potter
Marvel
Kpop
NBA
Disney
Crossword
Anime
NFL
Song
Soccer
Pokémon
WWE
The Office
Puzzle
Country
hide this ad
More By:
thisisarandomuse
Quiz
Plays
Rating
Category
Featured
Created
US State Capitals (Multiple Choice)
26,655
5.00
Geography
Sep 26, 2016
Russian or Ukrainian City
539
4.57
Geography
Oct 24, 2016
Pick The Continent (Capitals) - Blitz
172
4.67
Geography
Oct 22, 2016
Ancient Roman Baby Names
170
4.57
History
Dec 16, 2016
'A' Artist Clip Challenge
87
5.00
Music
Jan 15, 2017
Go to Creator's Profile
Score Distribution
Quiz Creator Spotlight
thisisarandomuse
Follow
Send a Message
Quizzes Created
-
Created Quiz Play Count
-
More By This Creator
Popular Quizzes Today
1
Colored Red Africa Blitz
2
Find the 'City' Movie
3
5x2 Blitz: Bands
4
Find the US States - No Outlines Minefield
5
The Countries of the World
6
Find the US States
7
US States
8
Find the Countries of Europe - No Outlines Minefield
More Geography Quizzes
Prove You Aren't a Robot - 'M' Countries of Africa
Editor's Pick
Trending Quizzes
Colored Red Europe Blitz I
Colored Red Africa Blitz II
Colored Red Europe Blitz II
Colored Red Africa Blitz III
Colored Red Europe Blitz III
Recently Updated
How Do You Spell That?
pecheneg
Godzilla Movies
pecheneg
Grab Bag: 4-10 Letters
pecheneg
2024 March Madness Bracket
pecheneg
Famous TV Couples
Peacemaker
Champions League XIs: Real Madrid
pecheneg
Largest US Cities 1790-2010
pecheneg
Rides in Walt Disney World
pecheneg
Most Oscar Losses (Acting)
pecheneg
Beyoncé Albums
pecheneg
Trending Topics
Marvel
NBA
Kpop
Disney
Crossword
Harry Potter
Anime
Song
NFL
WWE
Puzzle
The Office
Pokémon
Soccer
Country
Your Account Isn't Verified!
In order to create a playlist on Sporcle, you need to verify the email address you used during registration. Go to your
Sporcle Settings
to finish the process.
Report this User
Report this user for behavior that violates our
Community Guidelines
.
Details:
Send Report
Go to the Sporcle.com Mobile Site →
Comments